Statistiques concernant N'oubliez pas les paroles : Parle à ma main

Cliquez ici pour prendre le quiz!

Statistiques générales

  • Ce quiz a été pris 1 186 fois
  • Le résultat moyen est 338 sur 494

Statistiques - réponses

Réponse% Correct
a
99%
à
99%
M
99%
(ma
98%
ma
98%
parle
98%
Parle
98%
main
97%
O
97%
Pas
97%
pas
97%
me
96%
de
95%
tu
95%
Tu
95%
(tu
95%
dire
94%
va
94%
Ça
93%
ça
93%
le
93%
PI
93%
trop
93%
Si
92%
des
91%
91%
fais
90%
te
90%
veut
90%
compris
89%
moi
89%
Moi
89%
on
89%
On
89%
Et
88%
et
88%
pitié
88%
t'as
88%
(t'as
88%
la
87%
vas-y
87%
c'est
86%
C'est
86%
(c'est
86%
hun
86%
hun
85%
Il
85%
il
85%
je
84%
leur
84%
oublie
84%
Un
84%
un
84%
putes
83%
son
82%
frange
81%
mec
81%
Mes
81%
mes
81%
dans
80%
non
80%
Salut
80%
nous
79%
qui
79%
Avec
78%
avec
78%
Christelle
78%
mon
78%
t'es
78%
bon
77%
Ils
76%
ils
76%
que
76%
une
76%
clair
75%
clair)
75%
les
75%
Les
75%
mat
75%
merci
75%
ouais)
75%
Ouais
75%
ouais
75%
(ouais)
75%
string
75%
interessé !
74%
bien
73%
n'est
73%
cul
72%
dépasse
72%
en
72%
j'te
72%
sont
72%
bonne,
71%
Bonne
71%
glace
71%
matte
71%
menthe ?
71%
qu'à
71%
rue
71%
donc
69%
charmante
68%
mademoiselle
68%
mecs
68%
(ok)
68%
OK
68%
ok
68%
tous
68%
j'ai
67%
dirait
66%
Lacoste
66%
Mais
66%
mais
66%
nuls
66%
t'existes
66%
Yelle
66%
j't'écoute
65%
survêt
65%
taille
65%
basse
64%
juste
64%
doigts
63%
du
63%
gars
63%
mettre
62%
parents
62%
pauvre
62%
pour
62%
boule
61%
j'suis
61%
m'acoste
61%
soutif
61%
veulent
61%
(ah
60%
Ah
60%
ah
60%
Derrière
60%
même
60%
pensent
60%
ai
59%
déhanche
59%
j'me
59%
rembouré
58%
divorcer
57%
moule
57%
ans
56%
déjà
56%
deux
56%
au
54%
fume
54%
Grâce
54%
16
53%
95B
53%
j'fais
53%
m'saoules
53%
heures
52%
normal
52%
Bref
51%
faire
51%
père
51%
oh
50%
(oh
50%
vie
50%
boîte
49%
J'en
49%
rentre
49%
scooter
49%
chier
48%
continue
48%
d'être
48%
Fausse
48%
marre
48%
pia
48%
raison)
48%
aussi
47%
FBI
47%
Idée
47%
lu
47%
relou)
47%
vraiment
47%
Etam
45%
fuguer
45%
j'vais
45%
jure
44%
liste
44%
d'amis
43%
Hey
43%
bouquet
42%
seul
42%
t'prends
42%
Alors
41%
biatches
41%
j'l'ai
41%
kilo
41%
t'acheter
41%
trois
41%
besoin
40%
d'un
40%
Vitaa
40%
disque
39%
Miss
38%
mystère
38%
font
36%
lâche
36%
comprennent
35%
m'lâches
35%
d'jà
34%
partie
34%
t'arrêtes
34%
tromper
34%
chérie
33%
chérie)
33%
Euh
33%
Sixty
32%
Girl
31%
homo
31%
survivre
31%
dégage
30%
pines-co
30%
opé
29%
power
29%
rien
29%
Rien
29%
T'sais
29%
pourquoi)
28%
dégeu)
26%
m'étonnes)
26%
Arrête
25%
sert
25%
(bah
24%
comme
24%
chien
23%
craint
23%
parce
23%
Puis
23%
puis
23%
lâches
22%
texto
21%
concert
20%
gère
20%
Ferme
17%
m'emmènes
17%
m'suivre
15%
numéro)
15%
payes
14%
flippes
13%
Hm
13%
commande
11%
ton
11%
boules)
10%
d'venir
10%
m'parles
10%
m'vénères
10%
s'l'envoie
10%
118218
9%
couche
9%
gueule
9%
notes?)
8%
t'note
8%
(aller
7%
exactement
7%
mad'moiselle
7%
qu'quand
7%
maint'nant
6%
ahah
5%
baffe
5%
gagné
5%
d'accord
4%
balance
2%
(oki
1%

Distribution des résultats

Percentile par nombre de réponses

% des personnes avec chaque résultat

Votre développement - résultats

Vous n’avez pas pris ce quiz